<?xml version='1.0' encoding='UTF-8'?>
  <record xmlns="http://www.loc.gov/MARC21/slim">
    <leader>00000ctm a22000007i 4500</leader>
    <controlfield tag="001">ocn965419911</controlfield>
    <controlfield tag="003">OCoLC</controlfield>
    <controlfield tag="005">20251213070951.1</controlfield>
    <controlfield tag="008">110704q18601895ne            000 0 dut d</controlfield>
    <datafield tag="040" ind1=" " ind2=" ">
      <subfield code="a">QGJ</subfield>
      <subfield code="b">dut</subfield>
      <subfield code="c">QGJ</subfield>
    </datafield>
    <datafield tag="035" ind1=" " ind2=" ">
      <subfield code="a">(OCoLC)965419911</subfield>
    </datafield>
    <datafield tag="041" ind1=" " ind2=" ">
      <subfield code="a">dut</subfield>
    </datafield>
    <datafield tag="245" ind1="0" ind2="0">
      <subfield code="a">Anatomische tekeningen.</subfield>
      <subfield code="f">UBU F 1-8.</subfield>
    </datafield>
    <datafield tag="246" ind1="1" ind2=" ">
      <subfield code="a">Teekeningen</subfield>
    </datafield>
    <datafield tag="260" ind1=" " ind2=" ">
      <subfield code="a">[Utrecht?],</subfield>
      <subfield code="c">[1860-1895]</subfield>
    </datafield>
    <datafield tag="300" ind1=" " ind2=" ">
      <subfield code="a">84 bl. pl. :</subfield>
      <subfield code="b">ill. ;</subfield>
      <subfield code="c">formaat varieert</subfield>
    </datafield>
    <datafield tag="336" ind1=" " ind2=" ">
      <subfield code="a">text</subfield>
      <subfield code="b">txt</subfield>
      <subfield code="2">rdacontent</subfield>
    </datafield>
    <datafield tag="337" ind1=" " ind2=" ">
      <subfield code="a">unmediated</subfield>
      <subfield code="b">n</subfield>
      <subfield code="2">rdamedia</subfield>
    </datafield>
    <datafield tag="338" ind1=" " ind2=" ">
      <subfield code="a">volume</subfield>
      <subfield code="b">nc</subfield>
      <subfield code="2">rdacarrier</subfield>
    </datafield>
    <datafield tag="340" ind1=" " ind2=" ">
      <subfield code="a">papier.</subfield>
    </datafield>
    <datafield tag="500" ind1=" " ind2=" ">
      <subfield code="a">Titel op omslag: Teekeningen.</subfield>
    </datafield>
    <datafield tag="500" ind1=" " ind2=" ">
      <subfield code="a">No. 1 is een plaat afkomstig uit een gedrukt boek.</subfield>
    </datafield>
    <datafield tag="500" ind1=" " ind2=" ">
      <subfield code="a">Tekeningen in potlood, pen of gemengde techniek, enkele ingekleurd en enkele met verklarende tekst.</subfield>
    </datafield>
    <datafield tag="500" ind1=" " ind2=" ">
      <subfield code="a">No. 2, 7, 15 gesigneerd W. C. van Dijk; no. 4 gesigneerd Wenckebach en gedateerd 1885; no. 5, 6, 11 gesigneerd N? M. Adriaans; no. 7, 17, 21 gedateerd 1860, no. 23 gedateerd 1863; no. 26 gesigneerd v.d. Heijden en gedateerd 1878; no. 27 gedateerd 1878; no. 30-31 gesigneerd W. Kr? en gedateerd 1889; no. 34 gesigneerd W. M. Moree en gedateerd 1893; no. 35, 36 gesigneerd W. M. Moree en gedateerd 1894; no. 37, 38, 40, 41 gedateerd 1895/9, no. 42 gedateerd 1895; no. 43, 44 gesigneerd W. M. Moree en gedateerd 1892; no. 45, 46 gesigneerd W. M. Moree en gedateerd 1893; no. 47 gedateerd 1895; no. 48 gesigneerd W. M. Moree en gedateerd 1894; no. 49, 50 gesigneerd W. M. Moree en gedateerd 1895; no. 51, 52 gesigneerd W. M. Moree en gedateerd 1892; no. 53 gesigneerd W. M. Moree en gedateerd 1891; no. 54 gesigneerd W. M. Moree en gedateerd 1894; no. 56, 57, 58, 61 gesigneerd W. M. Moree en gedateerd 1892; no. 62, 63 gedateerd 1895/8; no. 64, 65 gedateerd 1895/6, no. 66, 67 gesigneerd W. M. Moree? en gedateerd 1893; no. 68, 69 gedateerd 1893, no. 70 gesigneerd W. M. Moree en gedateerd 1894, no. 71 gesigneerd W. M. Moree en gedateerd 1892; no. 72, 73 gesigneerd W. M. Moree; no. 74, 75, 77, 78 gesigneerd W. M. Moree en gedateerd 1893; no. 80, 81, 82 gesigneerd W. M. Moree en gedateerd 1891.</subfield>
    </datafield>
    <datafield tag="500" ind1=" " ind2=" ">
      <subfield code="a">Formaat map: 324 x 528 mm.</subfield>
    </datafield>
    <datafield tag="655" ind1=" " ind2="7">
      <subfield code="a">Handschriften (vorm)</subfield>
      <subfield code="0">(NL-LeOCL)088143309.</subfield>
      <subfield code="2">gtt</subfield>
    </datafield>
    <datafield tag="856" ind1="4" ind2="1">
      <subfield code="u">http://objects.library.uu.nl/reader/resolver.php?obj=002381819&amp;type=2</subfield>
      <subfield code="x">Online</subfield>
      <subfield code="z">Full Text</subfield>
    </datafield>
    <datafield tag="936" ind1=" " ind2=" ">
      <subfield code="a">BATCHLOAD</subfield>
    </datafield>
  </record>